Dedication and leadership. (Record no. 16633)

000 -LEADER
fixed length control field 00501nam a2200169 a 4500
001 - CONTROL NUMBER
control field :::00019807$&:&@@
003 - CONTROL NUMBER IDENTIFIER
control field OkBaRHE
005 - DATE AND TIME OF LATEST TRANSACTION
control field 20100331132114.0
008 - FIXED-LENGTH DATA ELEMENTS--GENERAL INFORMATION
fixed length control field s1966 j 000 0 eng u
040 ## - CATALOGING SOURCE
Transcribing agency
100 1# - MAIN ENTRY--PERSONAL NAME
Personal name Hyde, Douglas
245 10 - TITLE STATEMENT
Title Dedication and leadership.
260 ## - PUBLICATION, DISTRIBUTION, ETC. (IMPRINT)
Place of publication, distribution, etc Notre Dame, IN
Name of publisher, distributor, etc University of Notre Dame Press
Date of publication, distribution, etc 1966
300 ## - PHYSICAL DESCRIPTION
Extent 158 p.
942 ## - ADDED ENTRY ELEMENTS (KOHA)
Source of classification or shelving scheme
Koha item type Books
Copies
Permanent Location Not for loan Withdrawn status Barcode Koha item type Source of classification or shelving scheme Lost status Shelving location Full call number Damaged status Copy number Date last seen Price effective from Date acquired
RHEMA Bible Training College  19807Books  General StacksHX 518 .L4 H9 12010-04-142010-04-142010-04-14